Представление документа в формате RUSMARC

ПолеНазваниеЗначение
  Тип записи a
  Библиографический уровень a
001 Контрольный номер RU/CBS_UL/BASE/697302698
005 Дата корректировки 20250124015507.6
100 Данные общей обработки __
a Данные общей обработки 20220204d2022 ||| 0rusy0189 ca
101 Язык документа 0_
a Язык текста rus
102 Страна публикации __
a Страна публикации RU
105 Кодированные данные (монография) __
a Кодированные данные (монография) y###||||000|y
181 Поле кодированных данных: вид содержания _1
a Код вида содержания (ISBD) i#
b Код характеристики содержания (ISBD) #xxe##
d i
g x
h x
i e
2 Код системы (источник кода, отличный от ISBD) isbdcontent
182 Поле кодированных данных: тип средства _1
a Код типа средства (ISBD) n
2 Код системы (источник кода, отличный от ISBD) isbdmedia
200 Заглавие и сведения об ответственности 1_
a Заглавие Королева воска
b Общее обозначение материала Текст
e Сведения, относящиеся к заглавию [Мари Тюссо, основательница музея мадам Тюссо]
f Первые сведения об ответственности Л. Чеховская
w Текст (визуальный) : непосредственный
203 Вид содержания и тип средства __
a Вид содержания Текст
b Характеристика содержания визуальный
c Тип средства непосредственный
333 Примечание о целевом назначении __
a Примечание о целевом назначении 16+
461 Уровень набора _0
1 2000
a Психология и Я
463 Уровень физической единицы _0
1 001RU/CBS_UL/BASE/693589075
1 2000
a № 4
v С. 44-45
1 210
d 2019
600 Персоналии _0
a Персоналии (Фамилия) Тюссо
b Персоналии (Имя, инициалы) М.
606 Тематические рубрики 0_
a Основная рубрика Тюссо, Мария (1761-1850)
610 Ключевые слова 0_
a Ключевые слова скульпторы
a Ключевые слова восковые фигуры
a Ключевые слова фигуры восковые
a Ключевые слова музеи восковых фигур
a Ключевые слова Музей мадам Тюссо
a Ключевые слова долгожители
a Ключевые слова истории успеха
a Ключевые слова успешные люди
686 Индексы других классификаций __
a Классификационный индекс 85.133(4Вел)
2 Код системы rubbk
700 Автор _1
a Фамилия Чеховская
b Имя (инициалы) Л.
801 Источник записи _0
a Страна RU
b Организация МБУК ЦБС г. Ульяновска
c Дата составления 20220204
g Правила каталогизации RCR
801 Источник записи _1
a Страна RU
b Организация МБУК ЦБС г. Ульяновска
c Дата составления 20220204
g Правила каталогизации RCR
901 Тип документа __
t Тип документа f
w Контрольный № источника RU/CBS_UL/BASE/693589075
910 Корректоры записи __
a Корректор записи Библиотека 2
938 Служебная информация __
a Имя БД period